Come Dancing - The Kinks - Statistics

General Stats
  • This quiz has been taken 10 times
  • The average score is 241 of 319
Answer Stats
Answer % Correct
a
100%
an
100%
and
100%
And
100%
come
100%
Come
100%
“come
100%
the
100%
The
100%
They
100%
they
100%
All
89%
all
89%
dancing
89%
dancing”
89%
did
89%
He
89%
her
89%
Her
89%
her,
89%
I
89%
My
89%
my
89%
on
89%
On
89%
on,
89%
sister
89%
sister,
89%
supermarket
89%
to
89%
up
89%
used
89%
when
89%
When
89%
Where
89%
where
89%
always
78%
be
78%
bowling
78%
down
78%
go
78%
home
78%
it
78%
It
78%
It’s
78%
it’s
78%
just
78%
Just
78%
knocked
78%
lot
78%
night
78%
of
78%
park
78%
parking
78%
put
78%
said
78%
Saturday
78%
stand
78%
Two
78%
went
78%
would
78%
alley
67%
at
67%
band
67%
bands
67%
Before
67%
big
67%
boyfriends
67%
by
67%
can
67%
day
67%
died
67%
end
67%
for
67%
get
67%
In
67%
in
67%
land
67%
late
67%
local
67%
Now
67%
now
67%
Out
67%
out,
67%
Palais
67%
piece
67%
play
67%
saying
67%
see
67%
She
67%
she
67%
she’d
67%
silhouettes
67%
sit
67%
site
67%
was
67%
week
67%
why
67%
window
67%
Another
56%
another
56%
anticipation
56%
blowing
56%
but
56%
But
56%
call
56%
cheek
56%
childhood
56%
cried
56%
cuddle
56%
date
56%
didn’t
56%
ended
56%
frustration
56%
goodnight
56%
hallway
56%
have
56%
He’d
56%
him
56%
his
56%
how
56%
if
56%
kid
56%
know
56%
make
56%
midnight
56%
moonlight
56%
mum
56%
natural
56%
not
56%
only
56%
peck
56%
ready
56%
row
56%
stood
56%
that
56%
That’s
56%
them
56%
there
56%
turn
56%
wages
56%
wait
56%
afraid
44%
asked
44%
away
44%
ball
44%
could
44%
daughters
44%
Don’t
44%
estate
44%
friends
44%
garden
44%
gate
44%
lives
44%
married
44%
never
44%
Part
44%
sister’s
44%
things
44%
with
44%
wonder
44%
yourself
44%
car
33%
grown
33%
I’m
33%
like
33%
playing
33%
should
33%
there’s
33%
knows
22%
Oh
22%
will
22%
No matching quizzes found
Score Distribution
Percent of People with Each Score
Percentile by Number Answered
Your Score History
You have not taken this quiz